000 00541nam a2200193 i 4500
001 64477
003 ES-MaACL
007 t|
008 031224s1948 sp ||||1| spa d
100 1 _aFonseca, Rodolfo L.
_951527
245 1 0 _aTurris eburnea /
_cRodolfo L. Fonseca.
250 _a1ª ed.
260 _aBarcelona :
_bJosé Janés,
_c1948 (
_fMiguza)
300 _a286 p. ;
_c20 cm.
490 1 _aLos escritores de ahora
830 0 _aLos escritores de ahora
_9182057
852 _aES-MaACL
_jE-930
_bR.26808
999 _c64477
_d64477